000 00486nam a2200181 a 4500
001 1770730792207
003 YourLibrary
005 20260210191221.0
008 260210s2010##################000#0#eng##
020 _a9780230616035
082 0 4 _a306.498190951
_bHAT
100 1 _aHatfield, D.,
_eauthor.
245 1 0 _aTaiwanese Pilgrimage to China :
260 _bPalgrave Macmillan,
_c2010.
650 0 _aSocial Science.
942 _cENGLISH
040 _aYourLibrary
_beng
_cYourLibrary
999 _c611529
_d611529